Finančný plán podniku diplomová práca

Saved in:
Bibliographic Details
Main Author: Ilavská, Diana
Corporate Author: Fakulta podnikového manažmentu EU. Katedra podnikových financií
Other Authors: Kráľovič, Jozef
Format: Book
Language:Slovak
Published: Bratislava 2010
Tags: Add Tag
No Tags, Be the first to tag this record!

MARC

LEADER 00000nam$a2200000$$$4500
001 0121072
005 20240318122146.5
041 0 |a slo 
044 |a SK 
245 1 0 |a Finančný plán podniku  |b diplomová práca  |c Diana Ilavská ; škol. Jozef Kráľovič 
264 1 |a Bratislava  |c 2010 
300 |a 69 s. 
100 1 |a Ilavská, Diana 
700 1 |a Kráľovič, Jozef 
710 2 |a Fakulta podnikového manažmentu EU. Katedra podnikových financií